000 00534nam a2200193Ia 4500
005 20250326144719.0
008 250326s9999 xx 000 0 und d
037 _aTextbook
040 _aFMSL
_beng
_cFMSL
041 _aeng
_2eng
084 _aX:51f L0;2
_qFMSL
100 _aGreen E P
_9750024
245 0 _aResearch for marketing decisions
_cGreen E P; Tull D S
250 _a2
260 _aNew Jersey
_bNew Jersey, PrenticHall
_c1970
300 _a644p
942 _cTB
_hX:51f L0;2
999 _c1304724
_d1304724